| 000 | 00504nam a22001577a 4500 | ||
|---|---|---|---|
| 003 | macl | ||
| 005 | 20210919154507.0 | ||
| 008 | 210919b |||||||| |||| 00| 0 eng d | ||
| 040 | _cmacl | ||
| 082 | _a800 | ||
| 100 |
_aलाल,डॉ चमन _981089 |
||
| 245 | _aकविता के मानवीय सरोकार | ||
| 260 |
_aदिल्ली _bअनिरूदद्ध बुक्स _c2009 |
||
| 650 |
_aकाव्य समीक्षा _948818 |
||
| 942 |
_2ddc _cHIN |
||
| 999 |
_c64329 _d64329 |
||